000 00336nas a2200157 a 4500
001 66182
003 139012
005 20201118110254.0
008 ||||||n9999 ||| || ||
041 _afre
245 0 _aEsprit - no.5
260 _aFrancia :
_bALBEG,
_c1999.
562 _e1
773 _058070
_aEsprit :
942 _cSISS
999 _c66182
_d66182